| 000 | 02400cam a2200289 4500500 | ||
|---|---|---|---|
| 005 | 20251228052843.0 | ||
| 041 | _afre | ||
| 042 | _adc | ||
| 100 | 1 | 0 |
_aLe Quang, Matthieu _eauthor |
| 245 | 0 | 0 | _aPenser l’extractivisme en Amérique latine à partir de l’écosocialisme |
| 260 | _c2020. | ||
| 500 | _a78 | ||
| 520 | _aL’objectif de cet article est de revenir sur les principales caractéristiques du modèle actuel d’extractivisme en Amérique latine à partir d’une vision écosocialiste. Articulant anticapitalisme marxiste et apports de l’écologie politique, cette théorie remet en cause le consumérisme et le productivisme dont la base matérielle est l’exploitation et la consommation de ressources naturelles, c’est-à-dire l’extractivisme. Ce dernier s’insère dans une géopolitique et un ordre international néolibéral qui enferment les pays latino-américains dans une dépendance par rapport aux pays du Nord. Nous revenons enfin sur les effets internes de l’extractivisme dans ces pays, notamment à travers l’analyse de ses principaux acteurs (firmes transnationales, État et populations affectées) et des résistances qu’il suscite. | ||
| 520 | _aThis article presents an ecosocialist perspective of extractivism in Latin America. Combining a Marxist anticapitalism and political ecology’s insights, ecosocialism incriminates the consumerism and productivism based on the exploitation and consumption of natural resources, namely on extractivism. Extractivism fits in a neoliberal international order imprisoning the Latin American countries in a dependent relationship with the North. This article also considers the internal effects of extractivism in these countries, especially through the analysis of the main actors involved (the transnational corporations, the state and the populations affected) and of the resistances triggered. | ||
| 690 | _aAmérique latine | ||
| 690 | _acapitalisme | ||
| 690 | _aécologie politique | ||
| 690 | _aécosocialisme | ||
| 690 | _aExtractivisme | ||
| 690 | _acapitalism | ||
| 690 | _aecosocialism | ||
| 690 | _aExtractivism | ||
| 690 | _aLatin America | ||
| 690 | _apolitical ecology | ||
| 786 | 0 | _nÉcologie & Politique | 59 | 2 | 2020-01-14 | p. 57-71 | 1166-3030 | |
| 856 | 4 | 1 | _uhttps://shs.cairn.info/revue-ecologie-et-politique-2019-2-page-57?lang=fr&redirect-ssocas=7080 |
| 999 |
_c1584678 _d1584678 |
||